Państwa Katolickie Na Swiecie - Statystyki

Ogólne statystyki
  • Ten quiz został rozwiązany 31 razy
  • Średni wynik to 14 z 29
Statystyki odpowiedzi
Ile % Odpowiedź % Poprawnych
27 121 000 71.1 Polska
100%
842 100 Watykan
87%
96 101 000 - 101 302 000 74 - 78 Meksyk
77%
44 400 000 - 50 000 000 74 - 81.7 Włochy
77%
2 085 340 77.2 Litwa
63%
7 043 016 - 8 260 000 80.2 Portugalia
60%
29 412 90.5 - 97 San Marino
60%
61 740 88.2 Andora
57%
25 803 75.9 - 81.7 Liechtenstein
53%
369 600 63.8 - 65.9 Luksemburg
53%
1 480 156 69.92 Słowenia
53%
7 980 000 70 - 77 Boliwia
50%
3 060 000 79 Chorwacja
50%
3 500 000 69 Irlandia
50%
85 600 000 78.8 Filipiny
47%
34 000 000 - 37 900 000 70.9 - 79 Kolumbia
47%
361 372 82.6 Malta
47%
6 000 000 88.3 - 89 Paragwaj
47%
11 265 523 69.5 - 80.4 Ekwador
43%
29 933 82.3 Monako
43%
24 600 000 74 - 76 Peru
43%
20 000 000 - 23 360 000 64.2 - 73 Wenezuela
43%
1 021 000 97.57 Timor Wschodni
37%
101 500 61.3 Saint Lucia
13%
70 866 76.2 Seszele
13%
119 805 73.5 Wyspa Świętego Tomasza i Książęca
13%
7 440 000 62.1 Burundi
10%
1 410 000 80.7 Gwinea Równikowa
10%
395 850 77.3 Republika Zielonego Przylądka
3%
Nie znaleziono quizów pasujących do podanych kryteriów
Rozkład punktacji
Procent ludzi z każdym wynikiem
Percentyl według liczby udzielonych odpowiedzi
Twoja historia wyników
Nie rozwiązałeś tego quizu